| 000 | 00611nam a22001817a 4500 | ||
|---|---|---|---|
| 005 | 20251108172021.0 | ||
| 008 | 250721s1989 xx 000 0 ara d | ||
| 082 | 1 | 4 | _a364.15/سرا |
| 100 | 1 | _aالروبي، سراج الدين | |
| 245 | 1 | 0 |
_aسفاح و قتله : _bرؤية حقيقية لحركة المباحث الجنائية للبحث عن قاتل مجهول / |
| 264 | 1 |
_aالقاهرة : _bالدار المصرية اللبنانية، _c1989. |
|
| 300 | _a288ص | ||
| 650 | 1 | 7 | _aالجريمة |
| 650 | 1 | 7 | _aالمجرمون |
| 650 | 1 | 7 | _aالقتل |
| 942 |
_2ddc _cBK |
||
| 999 |
_c68351 _d68351 |
||